000 00373nam a2200157Ia 4500
008 221030s9999 xx 000 0 und d
020 _a8121929970
041 _aEnglish
082 _a105.23
100 _aR. K. Rajput
245 0 _aRobotics & Industrial Automation
260 _bS. Chand & Co.
_aNew Delhi
_c2008
300 _a461
650 _aBE Computer
942 _cBK
999 _c6396
_d6396